Sedimentology and stratigraphy /

This fully revised and updated edition introduces the reader to sedimentology and stratigraphic principles, and provides tools for the interpretation of sediments and sedimentary rocks.

Bibliographic Details
Main Author: Nichols, Gary
Format: Book
Language:English
Published: Chichester, UK ; Hoboken, NJ : Wiley-Blackwell, 2009.
Edition:2nd ed.
Subjects:
Online Access:Table of contents

MARC

Tag First Indicator Second Indicator Subfields
LEADER 00000cam a2200000 a 4500
001 in00003434603
005 20151206102624.0
006 m | u
008 080929s2009 enkabe b 001 0 eng
010 |a  2008042948 
015 |a GBA8E1499  |2 bnb 
016 7 |a 014857938  |2 Uk 
019 |a 171113057  |a 230193783  |a 288986043  |a 310400226 
020 |a 9781405135924 (pbk. : alk. paper) 
020 |a 1405135921 (pbk. : alk. paper) 
020 |a 9781405193795 (hardcover : alk. paper) 
020 |a 1405193794 (hardcover : alk. paper) 
035 |a (OCoLC)ocn259754358 
035 |a (OCoLC)259754358  |z (OCoLC)171113057  |z (OCoLC)230193783  |z (OCoLC)288986043  |z (OCoLC)310400226 
040 |a DLC  |b eng  |c DLC  |d YDXCP  |d BWKUK  |d BWK  |d CDX  |d BTCTA  |d CUS  |d CTB  |d HEBIS  |d DEBBG  |d UKM  |d OCL  |d EUM  |d OCL  |d BAKER  |d BDX  |d GZM  |d OCLCF  |d OCLCQ  |d UtOrBLW 
049 |a TXAM 
050 0 0 |a QE571  |b .N53 2009 
082 0 0 |a 551.3/03  |2 22 
084 |a RB 10121  |2 rvk 
084 |a TG 8000  |2 rvk 
084 |a TH 6000  |2 rvk 
084 |a TK 1040  |2 rvk 
100 1 |a Nichols, Gary. 
245 1 0 |a Sedimentology and stratigraphy /  |c Gary Nichols. 
250 |a 2nd ed. 
264 1 |a Chichester, UK ;  |a Hoboken, NJ :  |b Wiley-Blackwell,  |c 2009. 
300 |a x, 419 pages :  |b illustrations, maps, plans ;  |c 25 cm. +  |e 1 CD-ROM. 
336 |a text  |b txt  |2 rdacontent 
337 |a unmediated  |b n  |2 rdamedia 
338 |a volume  |b nc  |2 rdacarrier 
504 |a Includes bibliographical references (pages [398]-410) and index. 
505 0 0 |t Introduction: sedimentology and stratigraphy --  |t Terrigenous clastic sediments: gravel, sand and mud --  |t Biogenic, chemical and volcanogenic sediments --  |t Processes of transport and sedimentary structures --  |t Field sedimentology, facies and environments --  |t Continents: sources of sediment --  |t Glacial environments --  |t Aeolian environments --  |t Rivers and alluvial fans --  |t Lakes --  |t The marine realm: morphology and processes --  |t Deltas --  |t Clastic coasts and estuaries --  |t Shallow sandy seas --  |t Shallow marine carbonate and evaporite environments --  |t Deep marine environments --  |t Volcanic rocks and sediments --  |t Post-depositional structures and diagenesis --  |t Stratigraphy: concepts and lithostratigraphy --  |t Biostratigraphy --  |t Dating and correlation techniques --  |t Subsurface stratigraphy and sedimentology --  |t Sequence stratigraphy and sea-level changes --  |t Sedimentary changes. 
520 |a This fully revised and updated edition introduces the reader to sedimentology and stratigraphic principles, and provides tools for the interpretation of sediments and sedimentary rocks. 
650 0 |a Sedimentation and deposition. 
650 0 |a Geology, Stratigraphic. 
650 0 7 |a Fazies.  |2 swd 
650 7 |a Geology, Stratigraphic.  |2 fast  |0 (OCoLC)fst00940727 
650 7 |a Sedimentation and deposition.  |2 fast  |0 (OCoLC)fst01110984 
776 0 8 |i Online version:  |a Nichols, Gary.  |t Sedimentology and stratigraphy.  |b 2nd ed.  |d Chichester, UK ; Hoboken, NJ : Wiley-Blackwell, 2009  |w (OCoLC)645957969 
856 4 1 |3 Table of contents  |u http://bvbr.bib-bvb.de:8991/F?func=service&doc_library=BVB01&doc_number=016392246&line_number=0001&func_code=DB_RECORDS&service_type=MEDIA  |t 0 
948 |a cataloged  |b h  |c 2014/8/7  |d c  |e ceaton  |f 10:33:31 am 
994 |a C0  |b TXA 
999 |a MARS 
999 f f |s d3b0d637-5638-3665-a3a8-da0fa4062440  |i fef1318d-a55e-3f67-b472-8a5d891a91b8  |t 0 
952 f f |p normal  |a Texas A&M University  |b College Station  |c Sterling C. Evans Library  |d Evans: Library Stacks  |t 0  |e QE571 .N53 2009  |h Library of Congress classification  |i unmediated -- volume  |m A14842629397 
998 f f |a QE571 .N53 2009  |t 0  |l Evans: Library Stacks